Turkish property investment prospects continue upward curve (Record no. 80647)

MARC details
000 -LEADER
fixed length control field 00783cab a22001815a 4500
001 - CONTROL NUMBER
control field L144926
008 - FIXED-LENGTH DATA ELEMENTS--GENERAL INFORMATION
fixed length control field 080820s2008 xxkb f s 000 0 eng d
035 ## - SYSTEM CONTROL NUMBER
System control number (Sirsi) u144926
041 0# - LANGUAGE CODE
Language code of text/sound track or separate title eng
100 1# - MAIN ENTRY--PERSONAL NAME
Personal name Blazkova, Petra
245 00 - TITLE STATEMENT
Title Turkish property investment prospects continue upward curve
260 ## - PUBLICATION, DISTRIBUTION, ETC.
Date of publication, distribution, etc. 2008
490 ## - SERIES STATEMENT
Series statement Property Forecast
Volume/sequential designation 11(6) June 2008, 12-13(2)
520 ## - SUMMARY, ETC.
Summary, etc. Looks at the commercial property and investment market in Turkey, providing key economic indicators and pros and cons for investing in the region. Article also addresses: office; industrial and retail markets and provides a brief explanation of lease terms in Turkey.
651 #4 - SUBJECT ADDED ENTRY--GEOGRAPHIC NAME
Geographic name Europe
690 ## - LOCAL SUBJECT ADDED ENTRY--TOPICAL TERM (OCLC, RLIN)
Topical term or geographic name as entry element PROPERTY-COMMERCIAL PROPERTY-COMMERCIAL PROPERTY FINANCE AND INVESTMENT
942 ## - ADDED ENTRY ELEMENTS (KOHA)
Suppress in OPAC 0
Holdings
Withdrawn status Lost status Source of classification or shelving scheme Damaged status Not for loan Home library Current library Shelving location Date acquired Total Checkouts Full call number Barcode Date last seen Copy number Price effective from Koha item type
    Dewey Decimal Classification     London London Journal article 20/08/2008   L144926 144926-1001 06/08/2019 1 06/08/2019 Journal article